Gaming Quiz

Random Gaming or Board Games Quiz

Monopoly by Tokens Quiz Stats

 Plays Quiz Updated Aug 10, 2015

Challenge
Share
Tweet
Score 0/25 Timer 10:00
0 Plays Today
% Correct
Shrek
98.9%
Muppets
96.1%
South Park
92%
SpongeBob SquarePants
90.9%
The Simpsons
90.5%
Sonic the Hedgehog
89.2%
Family Guy
87.8%
The Wizard of Oz
87.2%
Pokémon
86.3%
Futurama
84.2%
Peanuts
81.5%
The Nightmare Before Christmas
80.9%
Disney
78.6%
% Correct
Spider-Man
70.5%
The Godfather
69.9%
The Hobbit
69.8%
Rudolph the Red-Nosed Reindeer
67.2%
Nintendo
63.5%
Star Trek Klingon
63.4%
Phineas and Ferb
62.9%
Adventure Time
55.2%
The Beatles
38.1%
The Walking Dead
36.4%
Seinfeld
29.1%
Doctor Who
25.5%

You're not logged in!

Compare scores with friends on all Sporcle quizzes.
OR
Log In

You Might Also Like...

Show Comments

Extras

Top Quizzes Today


Score Distribution

Your Account Isn't Verified!

In order to create a playlist on Sporcle, you need to verify the email address you used during registration. Go to your Sporcle Settings to finish the process.

Report this User

Report this user for behavior that violates our Community Guidelines.

Details: